00688nam a2200229 a 4500001001300000003000900013005001700022008004100039020002300080082001600103100001700119245005000136260003600186300001000222500003500232650001300267700001700280902000800297942000700305952012900312999001700441nice12345678IN_TiNIC20260116014814.0050524s2008 dela grp 000 0 eng  a9788179927861c19500a294.3bOKA1 aOkawa, Ryuho aEssence of Buddhab The Path to Enlightenment aDelhi bJaico Pub. House c2008 a201p  aincludes index and biblioraphy aBuddhism1 aOkawa, Ryuho bSRS cBK 001040708StackRoom-aHMIbHMId2013-10-23g195.00l1o294.3 OKA1p024160r2017-08-23s2017-08-14v195.00w2005-05-24yBK c17047d17047